Stanovenie hodnoty majetku podniku

Rozdiel medzi oceňovaním a ohodnocovaním majetku. Určenie hodnoty majetku. Základné metódy stanovenia všeobecnej hodnoty majetku: majetková metóda, podnikateľská metóda, kombinovaná metóda, likvidačná metóda, porovnávacia metóda, príp. iné metódy.

Guardado en:
Detalles Bibliográficos
Autor principal: Harumová, Anna, 1955-
Formato: Capítulo de libro
Lenguaje:eslovaco
Materias:
Etiquetas: Agregar Etiqueta
Sin Etiquetas, Sea el primero en etiquetar este registro!

MARC

LEADER 00000nla$a2200000$$$4500
001 0081914
005 20240502071923.7
041 0 |a slo 
044 |a SK 
245 1 0 |a Stanovenie hodnoty majetku podniku  |c Anna Harumová 
520 |a Rozdiel medzi oceňovaním a ohodnocovaním majetku. Určenie hodnoty majetku. Základné metódy stanovenia všeobecnej hodnoty majetku: majetková metóda, podnikateľská metóda, kombinovaná metóda, likvidačná metóda, porovnávacia metóda, príp. iné metódy. 
610 2 0 |a hodnota podniku 
610 2 0 |a majetok 
610 2 0 |a ohodnocovanie podniku 
610 2 0 |a metódy 
100 1 |a Harumová, Anna, 1955-